Analýza nástrojov marketingového mixu v spoločnosti CHARTIS EUROPE S.A. (Slovenská pobočka poisťovne z iného členského štátu) bakalárska práca

Gespeichert in:
Bibliographische Detailangaben
1. Verfasser: Krnáčová, Monika
Körperschaft: Obchodná fakulta EU. Katedra marketingu
Weitere Verfasser: Hasprová, Mária, 1970-
Format: Buch
Sprache:Slowakisch
Veröffentlicht: Bratislava 2010
Tags: Tag hinzufügen
Keine Tags, Fügen Sie das erste Tag hinzu!

MARC

LEADER 00000nam$a2200000$$$4500
001 0135134
005 20240320074000.0
041 0 |a slo 
044 |a SK 
245 1 0 |a Analýza nástrojov marketingového mixu v spoločnosti CHARTIS EUROPE S.A. (Slovenská pobočka poisťovne z iného členského štátu)  |b bakalárska práca  |c Monika Krnáčová ; školiteľ: Mária Hasprová 
264 1 |a Bratislava  |c 2010 
300 |a 41 s. 
100 1 |a Krnáčová, Monika 
700 1 |a Hasprová, Mária, 1970- 
710 2 |a Obchodná fakulta EU. Katedra marketingu